Suomen läänien vaakunat 2009 - Statistics

Yleistilastot
  • Tätä visaa on pelattu 21 kertaa
  • Keskiarvotulos 5 / 6
Vastaustilastot
Kuvavisa Vastaus % Oikein
Lappi
100%
Ahvenanmaa
81%
Oulu
81%
Etelä-Suomi
75%
Itä-Suomi
75%
Länsi-Suomi
75%
Ehtoja vastaavia visoja ei löytynyt
Tulosjakauma
Jokaisen tuloksen saaneiden osuus
Persentiili vastausten määrän mukaan
Tuloshistoriasi
Et ole pelannut tätä visaa